000 00537nam a2200181Ia 4500
008 100921s9999 xx 000 0 und d
082 _b12614
_a891.463 थ 77
100 _aदेसाई रणजित.
245 _aबारी.
260 _bदेशमुख आणि कंपनी,पुणे.
_c1977
300 _a241
_b---
365 _b20
520 _aललित-कादंबरी.
630 _aबारी.
650 _aललित-कादंबरी.
730 _aबारी.
942 _cBOOK
999 _c761727
_d761724